000
00361nam a2200133Ia 4500
008
151001s9999||||xx |||||||||||||| ||und||
100
_a
बा ब देवधर
245
_a
निमाइ भगवान भाग ३ रा
250
_a
1
260
_b
बापू बळवंत देवधर
260
_c
1914
300
_a
72
365
_b
7.5
999
_c
954081
_d
954078